| 000 | 01711nam1a2200265 4500 | ||
|---|---|---|---|
| 001 | RU\NLR\BIBL_A\016291653 | ||
| 005 | 20241103083007.0 | ||
| 035 | _a(NLR Aleph) 016291653 | ||
| 090 |
_a12946063 _c12946063 |
||
| 100 | _a20230216d2022 u y0rusy50 ca | ||
| 101 | 0 | _arus | |
| 102 | _aRU | ||
| 105 | _a j 0 z | ||
| 200 | 1 |
_aХимия _eучебное пособие _eдля студентов всех направлений подготовки бакалавриата и форм обучения _eв двух частях _fМ. В. Миронов, И. Н. Полина _gМинистерство науки и высшего образования Российской Федерации, Сыктывкарский лесной институт (филиал) федерального государственного бюджетного образовательного учреждения высшего образования "Санкт-Петербургский государственный лесотехнический университет имени С. М. Кирова" (СЛИ) |
|
| 210 |
_aСыктывкар _cСЛИ _d2022 |
||
| 215 | _d21 | ||
| 300 | _aПеред вып. дан. авт.: Миронов М. В., Полина И. Н., кандидаты хим. наук | ||
| 606 |
_aХимия _jУчебные издания для высших учебных заведений _9898913 _3RU\NLR\AUTH\666296 |
||
| 686 | 1 | _aГ1я73-1 | |
| 700 | 1 |
_aМиронов _bМ. В. _gМихаил Валериевич |
|
| 701 | 1 |
_aПолина _bИ. Н. _gИрина Николаевна |
|
| 852 |
_aNLR _j2023-4/1493 |
||
| 942 | _cBOOK | ||